000 00764nam a2200265 a 4500
001 70963
003 BD-RjUL
005 20211209082049.0
008 170423s1967 ru a 001 0 eng d
035 _a(BD-RjUL)71177
040 _aBD-RjUL
_beng
_cBD-RjUL
041 _aeng
080 _a576.8
082 _223
_a579
_bPYM 1967
100 1 0 _aPyatkin, K.
_9209990
245 1 0 _aMicrobiology /
_cK. Pyatkin ; translated from the Russian by L. Aksenova and V. Lisovskaya.
260 _aMoscow :
_bMir publishers,
_c1967
300 _a584 p. :
_bill. ;
_c21 cm.
500 _aIncludes index
650 0 _aMicroorganisms.
_9209991
650 0 _aMicrobiology.
_9209992
700 _aAksenova, L.
_9209993
700 _aLisovskaya, V.
_9209994
942 _2ddc
_cBK
999 _c70963
_d70963